Manual ACSM para la valoración del fitness relacionado con la salud
Збережено в:
| Співавтор: | |
|---|---|
| Формат: | Книга |
| Мова: | Іспанська |
| Опубліковано: |
Barcelona
Wolters Kluwer Health
2014
|
| Редагування: | 4a. ed |
| Предмети: | |
| Теги: |
Додати тег
Немає тегів, Будьте першим, хто поставить тег для цього запису!
|
MARC
| LEADER | 00000cam a2200000 a 4500 | ||
|---|---|---|---|
| 001 | UCD6694 | ||
| 003 | CL-VaPUC | ||
| 008 | 170108e20140000sp |||||||||||||||||spa|d | ||
| 020 | |a 9788416004126 | ||
| 082 | 0 | 4 | |a 613.71 |b AME |2 21 |
| 110 | 2 | |a American Collegue of Sports Medicine |e author |9 590513 | |
| 245 | 1 | 0 | |a Manual ACSM para la valoración del fitness relacionado con la salud |
| 250 | |a 4a. ed | ||
| 300 | |a 174 p | ||
| 942 | |c BK | ||
| 945 | |d 20170108 00:10:00 |a arojas | ||
| 260 | |a Barcelona |b Wolters Kluwer Health |c 2014 | ||
| 650 | 7 | |a ENTRENAMIENTO FISICO |2 CL-VaPUC |9 307393 | |
| 650 | 7 | |a FITNESS |2 CL-VaPUC |9 469781 | |
| 650 | 0 | |a Educación física |9 240893 | |
| 650 | 0 | |a Valoración |9 271780 | |
| 650 | 0 | |a Medicina deportiva |9 307562 | |
| 583 | |a last modification |c 20170108 00:10:00 |k Rodrigo Vera | ||
| 999 | |c 366901 |d 366899 | ||
| 952 | |0 0 |1 0 |3 erb |4 0 |6 613_710000000000000_AME_2014 |7 0 |8 A |9 481537 |a BIBCUR |b BIBCUR |i 5359082 |l 1 |m 1 |o 613.71 AME 2014 |p 5359082 |r 2025-04-22 |s 2021-11-04 |w 2019-11-24 |y BK |z Catalogado en:20170108 |k KIN | ||